[Event "Lvov Vasylyshyn Memorial-B 18th"]
[Site "Lvov"]
[Date "2021.12.04"]
[Round "1"]
[White "Meleshko, Vladimir"]
[Black "Ciorgovean, Iustin"]
[Result "0-1"]
[WhiteElo "2274"]
[BlackElo "2276"]
[PlyCount "84"]
[EventDate "2021.12.04"]
[EventType "tourn"]
[EventRounds "9"]
[EventCountry "UKR"]
[SourceTitle "CBM 205 Extra"]
[Source "ChessBase"]
[SourceDate "2022.01.31"]
[SourceVersion "1"]
[SourceVersionDate "2022.01.31"]
[SourceQuality "1"]

1. e4 c5 2. Nf3 Nc6 3. Bb5 g6 4. Bxc6 bxc6 5. 0-0 Bg7 6. c3 Nf6 7. e5 Nd5 8. d4 cxd4 9. cxd4 0-0 10. Nc3 Nxc3 11. bxc3 d6 12. Re1 Qa5 13. Bg5 Qc7 14. exd6 exd6 15. Re7 Qa5 16. Re3 c5 17. Be7 cxd4 18. cxd4 Re8 19. Bxd6 Bb7 20. Be5 Bh6 21. Rb3 Bd5 22. Rb2 Rac8 23. Bg3 Qc3 24. Rb5 Bc1 25. Rxd5 Qxa1 26. Rc5 Bb2 27. Qxa1 Bxa1 28. Kf1 f6 29. a4 Rxc5 30. dxc5 Kf7 31. c6 Ke6 32. Nd2 Kd5 33. c7 Bc3 34. Bf4 a6 35. Be3 Bxd2 36. Bxd2 Kc6 37. Ba5 Kb7 38. f3 Re6 39. Bd2 Kxc7 40. Kf2 Kc6 41. Be3 Kd5 42. g4 Kc4 0-1

[Event "Lvov Cup"]
[Site "Lvov"]
[Date "2019.08.21"]
[Round "7"]
[White "Meleshko, Vladimir"]
[Black "Ovsejevitsch, Sergei"]
[Result "0-1"]
[WhiteElo "2296"]
[BlackElo "2591"]
[PlyCount "130"]
[EventDate "2019.08.18"]
[EventType "swiss"]
[EventRounds "9"]
[EventCountry "UKR"]
[SourceTitle "EXT 2020"]
[Source "ChessBase"]
[SourceDate "2019.10.17"]
[SourceVersion "1"]
[SourceVersionDate "2019.10.17"]
[SourceQuality "1"]

1. d4 Nf6 2. Nf3 e6 3. g3 b6 4. Bg2 Bb7 5. 0-0 Be7 6. c4 0-0 7. Nc3 Na6 8. Ne5 d5 9. cxd5 exd5 10. Bf4 Re8 11. Rc1 h6 12. Qa4 Bf8 13. Rfd1 Qe7 14. Bf3 c5 15. Nb5 Ne4 16. Bxe4 dxe4 17. Nc4 cxd4 18. Ncd6 Nc5 19. Qxd4 Red8 20. Qc4 Ba6 21. b4 Ne6 22. Qxe4 Nxf4 23. Qxf4 Bxb5 24. Nxb5 Rxd1+ 25. Rxd1 Qxe2 26. Nc3 Qc2 27. Qf3 Rc8 28. Nd5 Qxa2 29. Nf6+ Kh8 30. Qf5 Qc2 31. Qxc2 Rxc2 32. Rd8 gxf6 33. Rxf8+ Kg7 34. Ra8 Rc7 35. Kg2 f5 36. Kf3 Re7 37. h4 Kf6 38. Rh8 Kg7 39. Ra8 Rc7 40. Ke3 Kf6 41. Rh8 Rc3+ 42. Kd2 Rb3 43. Rxh6+ Kg7 44. Rh5 Rb2+ 45. Ke3 Rxb4 46. Rxf5 a5 47. Kd2 a4 48. Rf3 Rb2+ 49. Kc1 Re2 50. Kd1 Ra2 51. Kc1 Re2 52. Kd1 Re4 53. Kc2 b5 54. Rf5 b4 55. Ra5 Re2+ 56. Kb1 a3 57. Ra4 Rb2+ 58. Kc1 f5 59. f3 Rb3 60. g4 f4 61. Kc2 Rb2+ 62. Kc1 Rb3 63. Kc2 Rxf3 64. Rxb4 Rf1 65. Rb7+ Kf8 0-1

[Event "Pardubice Czech op-A 30th"]
[Site "Pardubice"]
[Date "2019.07.22"]
[Round "4"]
[White "Siddharth, Jagadeesh"]
[Black "Meleshko, Vladimir"]
[Result "0-1"]
[WhiteElo "2410"]
[BlackElo "2270"]
[PlyCount "82"]
[EventDate "2019.07.19"]
[EventType "swiss"]
[EventRounds "9"]
[EventCountry "CZE"]
[SourceTitle "CBM 191"]
[Source "ChessBase"]
[SourceDate "2019.08.31"]
[SourceVersion "1"]
[SourceVersionDate "2019.08.31"]
[SourceQuality "1"]

1. Nf3 Nf6 2. c4 c5 3. d4 cxd4 4. Nxd4 b6 5. Nc3 Bb7 6. f3 e6 7. e4 d6 8. Be2 a6 9. 0-0 Nbd7 10. Be3 Be7 11. Qd2 0-0 12. Rfd1 Qc7 13. Rac1 Rac8 14. b3 Rfe8 15. Qe1 Qb8 16. g4 h6 17. h4 d5 18. g5 Nh5 19. cxd5 exd5 20. Nxd5 Bxd5 21. Rxc8 Qxc8 22. exd5 Ne5 23. Kg2 Ng6 24. Bf1 hxg5 25. hxg5 Bxg5 26. Bxg5 Rxe1 27. Rxe1 Qc7 28. Re8+ Kh7 29. Ne2 Qd7 30. Rd8 Qf5 31. f4 Nhxf4+ 32. Bxf4 Nxf4+ 33. Nxf4 Qg4+ 34. Kf2 Qxf4+ 35. Ke2 Qg4+ 36. Kd3 Qf3+ 37. Kd2 Qxf1 38. d6 Qf4+ 39. Kc2 Qf6 40. Ra8 a5 41. d7 Qc6+ 0-1

[Event "Pardubice op rapid 30th"]
[Site "Pardubice"]
[Date "2019.07.19"]
[Round "9"]
[White "Zanan, Evgeny"]
[Black "Meleshko, Vladimir"]
[Result "1-0"]
[WhiteElo "2505"]
[BlackElo "2270"]
[PlyCount "51"]
[EventDate "2019.07.17"]
[EventType "swiss (rapid)"]
[EventRounds "9"]
[EventCountry "CZE"]
[SourceTitle "CBM 191 Extra"]
[Source "ChessBase"]
[SourceDate "2019.09.30"]
[SourceVersion "1"]
[SourceVersionDate "2019.09.30"]
[SourceQuality "1"]

1. d4 Nf6 2. Bf4 e6 3. e3 d5 4. Nf3 Bd6 5. Bg3 c5 6. c3 Qc7 7. Nbd2 Nbd7 8. Bh4 0-0 9. Bd3 Be7 10. 0-0 e5 11. e4 dxe4 12. Nxe4 Nxe4 13. Bxe7 Re8 14. Bh4 exd4 15. Re1 Ndf6 16. Qc2 Qc6 17. cxd4 cxd4 18. Qxc6 bxc6 19. Bxf6 Nxf6 20. Rxe8+ Nxe8 21. Nxd4 Bd7 22. Rc1 Rb8 23. b3 c5 24. Rxc5 Rc8 25. Rxc8 Bxc8 26. Nc6 1-0

[Event "Pardubice op rapid 30th"]
[Site "Pardubice"]
[Date "2019.07.17"]
[Round "2"]
[White "Lalic, Bogdan"]
[Black "Meleshko, Vladimir"]
[Result "0-1"]
[WhiteElo "2411"]
[BlackElo "2270"]
[PlyCount "52"]
[EventDate "2019.07.17"]
[EventType "swiss (rapid)"]
[EventRounds "9"]
[EventCountry "CZE"]
[SourceTitle "CBM 191 Extra"]
[Source "ChessBase"]
[SourceDate "2019.09.30"]
[SourceVersion "1"]
[SourceVersionDate "2019.09.30"]
[SourceQuality "1"]

1. d4 Nf6 2. c4 e5 3. dxe5 Ng4 4. Nf3 Bc5 5. e3 Nc6 6. Nc3 0-0 7. Be2 Ngxe5 8. Nxe5 Nxe5 9. 0-0 Re8 10. b3 a5 11. Bb2 Ra6 12. Ne4 Ba7 13. Qd5 Rh6 14. Bxe5 c6 15. Bf6 gxf6 16. Qd3 d5 17. Ng3 Re5 18. Rad1 f5 19. Qc3 Qh4 20. Nh5 d4 21. Qd2 f4 22. g3 Qh3 23. exd4 Rexh5 24. Bxh5 Rxh5 25. f3 Bxd4+ 26. Kh1 fxg3 0-1

[Event "Pardubice Czech op-A 29th"]
[Site "Pardubice"]
[Date "2018.07.24"]
[Round "5"]
[White "Haba, Petr"]
[Black "Meleshko, Vladimir"]
[Result "1/2-1/2"]
[WhiteElo "2445"]
[BlackElo "2268"]
[PlyCount "48"]
[EventDate "2018.07.20"]
[EventType "swiss"]
[EventRounds "9"]
[EventCountry "CZE"]
[SourceTitle "CBM 185 Extra"]
[Source "ChessBase"]
[SourceDate "2018.07.29"]
[SourceVersion "1"]
[SourceVersionDate "2018.07.29"]
[SourceQuality "1"]

1. d4 Nf6 2. c4 e6 3. Nf3 d5 4. g3 Be7 5. Bg2 0-0 6. 0-0 dxc4 7. Qc2 a6 8. a4 Bd7 9. Rd1 Bc6 10. Bg5 b5 11. Bxf6 Bxf6 12. Nbd2 Qc8 13. b3 cxb3 14. Nxb3 Rd8 15. e4 g6 16. Na5 Bb7 17. Nxb7 Qxb7 18. axb5 axb5 19. Rxa8 Qxa8 20. e5 Be7 21. Qxc7 Rd7 22. Qc8+ Rd8 23. Qc7 Rd7 24. Qc8+ Rd8 1/2-1/2

[Event "Pardubice op rapid 29th"]
[Site "Pardubice"]
[Date "2018.07.19"]
[Round "4"]
[White "Boruchovsky, Avital"]
[Black "Meleshko, Vladimir"]
[Result "0-1"]
[WhiteElo "2558"]
[BlackElo "2268"]
[PlyCount "76"]
[EventDate "2018.07.18"]
[EventType "swiss (rapid)"]
[EventRounds "9"]
[EventCountry "CZE"]
[SourceTitle "CBM 185 Extra"]
[Source "ChessBase"]
[SourceDate "2018.07.29"]
[SourceVersion "1"]
[SourceVersionDate "2018.07.29"]
[SourceQuality "1"]

1. d4 Nf6 2. Nf3 e6 3. c4 d5 4. Nc3 Be7 5. Bg5 0-0 6. Qc2 c5 7. dxc5 dxc4 8. e3 Na6 9. Bxc4 Nxc5 10. 0-0 a6 11. Rfd1 Qe8 12. a4 b6 13. Bxf6 Bxf6 14. b4 Bxc3 15. Qxc3 Nxa4 16. Qd4 Bb7 17. Ne5 Rd8 18. Qxd8 Qxd8 19. Rxd8 Rxd8 20. Rxa4 b5 21. Ra1 bxc4 22. Nxc4 Kf8 23. f3 Bd5 24. Nb6 Bb7 25. Rc1 Rd6 26. Na4 Bc6 27. Nc5 Bb5 28. Ne4 Rd3 29. Kf2 f5 30. Rc8+ Ke7 31. Nc5 Rd2+ 32. Kg3 Bf1 33. Rc6 g5 34. Rc7+ Ke8 35. Rc8+ Ke7 36. Rc7+ Ke8 37. Rc8+ Kf7 38. Rc7+ Kg6 0-1

[Event "Pardubice op rapid 29th"]
[Site "Pardubice"]
[Date "2018.07.19"]
[Round "5"]
[White "Meleshko, Vladimir"]
[Black "Lalic, Bogdan"]
[Result "0-1"]
[WhiteElo "2268"]
[BlackElo "2394"]
[PlyCount "120"]
[EventDate "2018.07.18"]
[EventType "swiss (rapid)"]
[EventRounds "9"]
[EventCountry "CZE"]
[SourceTitle "CBM 185 Extra"]
[Source "ChessBase"]
[SourceDate "2018.07.29"]
[SourceVersion "1"]
[SourceVersionDate "2018.07.29"]
[SourceQuality "1"]

1. e4 c5 2. Nf3 Nc6 3. d4 cxd4 4. Nxd4 Qb6 5. Nb3 Nf6 6. Be3 Qc7 7. f3 e6 8. c4 Ne5 9. Qd4 d6 10. Nc3 a6 11. Rc1 Be7 12. Be2 0-0 13. 0-0 Nfd7 14. Rfd1 b6 15. Nd2 Bf6 16. Kh1 Nxf3 17. Qd3 Nde5 18. Qc2 Nxd2 19. Qxd2 Rd8 20. Na4 Rb8 21. Qb4 Qc6 22. Bf3 Nxf3 23. gxf3 b5 24. cxb5 Qxb5 25. Qxb5 axb5 26. Nb6 Bxb2 27. Rb1 Bf6 28. Rxb5 Ba6 29. Rb4 Be2 30. Rc1 Bxf3+ 31. Kg1 d5 32. exd5 exd5 33. a4 d4 34. Bf4 Rb7 35. a5 d3 36. Kf2 Be2 37. Ke1 Ra7 38. Nc4 h6 39. Be3 Bg5 40. Bxa7 Bxc1 41. Nd2 Ba3 42. Rb3 Bd6 43. Bg1 Ra8 44. Nc4 Bc7 45. Ra3 Ra6 46. Kd2 g5 47. h3 f5 48. Bb6 Bf4+ 49. Ke1 g4 50. hxg4 fxg4 51. Ne3 h5 52. Nd5 Bg3+ 53. Kd2 h4 54. Nf6+ Kf7 55. Nxg4 Bxg4 56. Rxd3 Bf5 57. Rd8 h3 58. Rh8 h2 59. Ke3 Be5 60. Rh5 Kg6 0-1

[Event "Pustomyty Stein Memorial op"]
[Site "Pustomyty"]
[Date "2017.08.29"]
[Round "8"]
[White "Mosesov, Danylo"]
[Black "Meleshko, Vladimir"]
[Result "1-0"]
[WhiteElo "2040"]
[BlackElo "2219"]
[PlyCount "57"]
[EventDate "2017.08.25"]
[EventType "swiss"]
[EventRounds "9"]
[EventCountry "UKR"]
[SourceTitle "CBM 180 Extra"]
[Source "ChessBase"]
[SourceDate "2017.10.06"]
[SourceVersion "1"]
[SourceVersionDate "2017.10.06"]
[SourceQuality "1"]

1. d4 f5 2. e4 fxe4 3. Nc3 Nf6 4. Bg5 d5 5. Bxf6 exf6 6. Qh5+ g6 7. Qxd5 Bb4 8. Qxe4+ Kf7 9. Bc4+ Kg7 10. Nge2 Re8 11. Qd5 Qxd5 12. Bxd5 c6 13. Bf3 Bxc3+ 14. bxc3 Nd7 15. 0-0 Nb6 16. Nf4 Bf5 17. Nd3 Na4 18. c4 Nc3 19. Rfe1 Rac8 20. Nc5 b6 21. Nb7 Rxe1+ 22. Rxe1 Rc7 23. Nd6 Rd7 24. c5 Nd5 25. g4 Bxc2 26. Bxd5 cxd5 27. Ne8+ Kh6 28. c6 Rd8 29. c7 1-0

[Event "Pustomyty Stein Memorial op"]
[Site "Pustomyty"]
[Date "2017.08.27"]
[Round "4"]
[White "Medvedyk, Volodymyr"]
[Black "Meleshko, Vladimir"]
[Result "0-1"]
[WhiteElo "2053"]
[BlackElo "2219"]
[PlyCount "72"]
[EventDate "2017.08.25"]
[EventType "swiss"]
[EventRounds "9"]
[EventCountry "UKR"]
[SourceTitle "CBM 180 Extra"]
[Source "ChessBase"]
[SourceDate "2017.10.06"]
[SourceVersion "1"]
[SourceVersionDate "2017.10.06"]
[SourceQuality "1"]

1. c4 Nf6 2. g3 e6 3. Bg2 d5 4. d4 Be7 5. Nf3 0-0 6. 0-0 dxc4 7. Qc2 a6 8. a4 Bd7 9. Rd1 Bc6 10. Nc3 Bxf3 11. Bxf3 Nc6 12. Bxc6 bxc6 13. e4 Qb8 14. Bf4 Ra7 15. Qe2 Qb3 16. a5 Rb7 17. Na4 Rd8 18. Rd2 h6 19. h4 Rd7 20. Be5 Rb5 21. Nc3 Rb8 22. Rc1 Ne8 23. d5 exd5 24. exd5 Bd6 25. Bxd6 Rxd6 26. dxc6 Rxc6 27. Nd5 Rc5 28. Rc3 Qb5 29. Ne7+ Kf8 30. Rf3 Nf6 31. Re3 Re8 32. Rd4 c3 33. Qxb5 Rxb5 34. bxc3 Rxe7 35. Rd8+ Re8 36. Rexe8+ Nxe8 0-1

[Event "Pustomyty Stein Memorial op"]
[Site "Pustomyty"]
[Date "2017.08.27"]
[Round "5"]
[White "Meleshko, Vladimir"]
[Black "Babiy, Igor"]
[Result "1-0"]
[WhiteElo "2219"]
[BlackElo "2224"]
[PlyCount "89"]
[EventDate "2017.08.25"]
[EventType "swiss"]
[EventRounds "9"]
[EventCountry "UKR"]
[SourceTitle "CBM 180 Extra"]
[Source "ChessBase"]
[SourceDate "2017.10.06"]
[SourceVersion "1"]
[SourceVersionDate "2017.10.06"]
[SourceQuality "1"]

1. e4 d5 2. exd5 Qxd5 3. Nc3 Qa5 4. d4 Nf6 5. Bc4 Nc6 6. d5 Nb4 7. a3 c6 8. dxc6 Nxc6 9. Bd2 Bg4 10. Nge2 e6 11. 0-0 0-0-0 12. Qe1 Bd6 13. h3 Qh5 14. Nf4 Bxf4 15. Bxf4 Bxh3 16. gxh3 Rd4 17. Be2 Qxh3 18. Qc1 Nh5 19. Bxh5 Qxh5 20. Rd1 g5 21. Bg3 Rhd8 22. Rxd4 Nxd4 23. Qe3 g4 24. f4 Nxc2 25. Qc1 Qf5 26. Ra2 Rd3 27. Ne2 Kb8 28. b4 Ne3 29. Rd2 Nc4 30. Rxd3 Qxd3 31. f5+ e5 32. Qg5 a5 33. Qg8+ Ka7 34. Bf2+ b6 35. Qxf7+ Ka6 36. Qe8 Qxe2 37. Qc8+ Ka7 38. bxa5 Qd1+ 39. Kh2 g3+ 40. Kxg3 Qb3+ 41. Kh2 Nxa5 42. Qc7+ Ka6 43. f6 Nc4 44. f7 Ne3 45. f8Q 1-0

[Event "Pustomyty Stein Memorial op"]
[Site "Pustomyty"]
[Date "2017.08.25"]
[Round "1"]
[White "Meleshko, Vladimir"]
[Black "Polulikh, Stepan"]
[Result "1-0"]
[WhiteElo "2219"]
[BlackElo "1586"]
[PlyCount "57"]
[EventDate "2017.08.25"]
[EventType "swiss"]
[EventRounds "9"]
[EventCountry "UKR"]
[SourceTitle "CBM 180 Extra"]
[Source "ChessBase"]
[SourceDate "2017.10.06"]
[SourceVersion "1"]
[SourceVersionDate "2017.10.06"]
[SourceQuality "1"]

1. e4 Nf6 2. e5 Nd5 3. d4 d6 4. Nf3 Nc6 5. Bb5 Bd7 6. 0-0 e6 7. Bg5 Be7 8. Bxe7 Qxe7 9. Re1 0-0-0 10. c4 Nb6 11. a4 a6 12. a5 Na8 13. Ba4 dxe5 14. Bxc6 Bxc6 15. Nxe5 Bd7 16. Nc3 f6 17. Nd3 Qf7 18. Nc5 Rhe8 19. Qb3 Bc6 20. Rxe6 Rxe6 21. d5 Re5 22. dxc6 b5 23. Nxb5 Rde8 24. Na7+ Kd8 25. Nb7+ Ke7 26. Qa3+ Ke6 27. f4 Rh5 28. g4 Qg6 29. Nd8+ 1-0

[Event "Lvov Maksym Yusupov Memorial 2nd"]
[Site "Lvov"]
[Date "2014.03.17"]
[Round "7"]
[White "Vetoshko, Volodymyr"]
[Black "Meleshko, Vladimir"]
[Result "1-0"]
[WhiteElo "2332"]
[BlackElo "2239"]
[PlyCount "49"]
[EventDate "2014.03.14"]
[EventType "tourn"]
[EventRounds "9"]
[EventCountry "UKR"]
[EventCategory "1"]
[SourceTitle "CBM 159 Extra"]
[Source "ChessBase"]
[SourceDate "2014.04.24"]
[SourceVersion "1"]
[SourceVersionDate "2014.04.24"]
[SourceQuality "1"]

1. d4 f5 2. Nf3 g6 3. g3 Bg7 4. Bg2 d6 5. 0-0 Nf6 6. c4 0-0 7. b3 Qe8 8. Bb2 Nbd7 9. Nc3 e6 10. Qc2 a6 11. Rfe1 h6 12. e4 f4 13. e5 dxe5 14. dxe5 Ng4 15. Ne2 fxg3 16. Nxg3 h5 17. h3 Nh6 18. Ng5 h4 19. Nh5 Rf5 20. Nxg7 Kxg7 21. Ne4 g5 22. Nf6 Qf7 23. Rad1 Ng8 24. Nxd7 Bxd7 25. Rxd7 1-0

[Event "Lvov Vasylyshyn Memorial IM 9th"]
[Site "Lvov"]
[Date "2012.11.20"]
[Round "1"]
[White "Biriukov, Nikolai"]
[Black "Meleshko, Vladimir"]
[Result "1-0"]
[WhiteElo "2402"]
[BlackElo "2256"]
[PlyCount "95"]
[EventDate "2012.11.20"]
[EventType "tourn"]
[EventRounds "9"]
[EventCountry "UKR"]
[EventCategory "2"]
[SourceTitle "CBM 151 Extra"]
[Source "ChessBase"]
[SourceDate "2012.12.18"]
[SourceVersion "1"]
[SourceVersionDate "2012.12.18"]
[SourceQuality "1"]

1. c4 e5 2. Nc3 Nf6 3. Nf3 Nc6 4. e4 Bb4 5. d3 d6 6. a3 Bxc3+ 7. bxc3 Ne7 8. g3 0-0 9. Bg2 Bd7 10. 0-0 c6 11. h3 Ng6 12. Ne1 Qc8 13. Kh2 d5 14. cxd5 cxd5 15. exd5 Qxc3 16. Bd2 Qd4 17. Rb1 Nxd5 18. Nc2 Qxd3 19. Ba5 Qxd1 20. Rfxd1 Nf6 21. Rxb7 Ba4 22. Rd2 e4 23. Rb4 Bc6 24. Ne3 Ne5 25. Rc2 Rfe8 26. Nf5 g6 27. Ne3 Rac8 28. g4 Nf3+ 29. Bxf3 exf3 30. Rbc4 Bb7 31. Rxc8 Bxc8 32. Kg3 Bb7 33. Rc7 Rb8 34. Bb4 a6 35. Kf4 Ba8 36. Ra7 Bc6 37. Rxa6 Nd5+ 38. Nxd5 Bxd5 39. Rd6 Ba8 40. Bc3 Kf8 41. Bf6 Re8 42. a4 Re4+ 43. Kg5 Re6 44. Rd8+ Re8 45. Rxe8+ Kxe8 46. Kh6 Kd7 47. Kxh7 Ke6 48. Kg7 1-0

[Event "Lvov University Cup"]
[Site "Lvov"]
[Date "2012.08.20"]
[Round "8"]
[White "Kazakov, Mikhail"]
[Black "Meleshko, Vladimir"]
[Result "1-0"]
[WhiteElo "2489"]
[BlackElo "2296"]
[PlyCount "75"]
[EventDate "2012.08.15"]
[EventType "tourn"]
[EventRounds "11"]
[EventCountry "UKR"]
[EventCategory "2"]
[SourceTitle "EXT 2014"]
[Source "ChessBase"]
[SourceDate "2013.11.20"]
[SourceVersion "1"]
[SourceVersionDate "2013.11.20"]
[SourceQuality "1"]

1. e4 c5 2. Nf3 d6 3. d4 cxd4 4. Nxd4 Nf6 5. Nc3 g6 6. Be3 Bg7 7. f3 Nc6 8. Bc4 0-0 9. Qd2 Bd7 10. Bb3 Na5 11. Bh6 Bxh6 12. Qxh6 b5 13. h4 Nxb3 14. Nxb3 b4 15. Nd5 Nxd5 16. exd5 e5 17. h5 Qf6 18. hxg6 Qxg6 19. Qxg6+ fxg6 20. a3 Rfc8 21. Kd2 Ba4 22. axb4 Bxb3 23. cxb3 Rcb8 24. Rh4 Rb5 25. Ra5 Rab8 26. Kc3 h5 27. Rc4 R8b7 28. Rxb5 Rxb5 29. Rc7 Rxd5 30. Rxa7 e4 31. fxe4 Rg5 32. Kc4 Rxg2 33. b5 Rc2+ 34. Kb4 Rc8 35. b6 Rb8 36. Kb5 h4 37. Kc6 h3 38. Ra1 1-0

[Event "Lvov University Cup"]
[Site "Lvov"]
[Date "2012.08.19"]
[Round "6"]
[White "Zimmermann, Ulrich"]
[Black "Meleshko, Vladimir"]
[Result "1/2-1/2"]
[WhiteElo "2219"]
[BlackElo "2296"]
[PlyCount "89"]
[EventDate "2012.08.15"]
[EventType "tourn"]
[EventRounds "11"]
[EventCountry "UKR"]
[EventCategory "2"]
[SourceTitle "EXT 2014"]
[Source "ChessBase"]
[SourceDate "2013.11.20"]
[SourceVersion "1"]
[SourceVersionDate "2013.11.20"]
[SourceQuality "1"]

1. c4 e5 2. Nc3 Nf6 3. g3 Nc6 4. Bg2 Bc5 5. e3 d6 6. Nge2 Bg4 7. h3 Bh5 8. d4 exd4 9. exd4 Nxd4 10. g4 Nxg4 11. hxg4 Bxg4 12. Qd3 Bf5 13. Be4 Bxe4 14. Nxe4 Ne6 15. Be3 Bb4+ 16. Bd2 Bxd2+ 17. Qxd2 Qd7 18. 0-0-0 0-0-0 19. N2c3 f5 20. Ng5 Nxg5 21. Qxg5 Kb8 22. Rde1 h6 23. Qe7 Qc6 24. Qxg7 Qxc4 25. Kb1 h5 26. Qg5 Qd3+ 27. Kc1 Qf3 28. Qg3 Qc6 29. Kb1 d5 30. Qf3 h4 31. Rd1 d4 32. Qxc6 bxc6 33. Ne2 c5 34. Nf4 Rde8 35. Rde1 Rxe1+ 36. Rxe1 h3 37. Rh1 h2 38. Ne6 d3 39. Kc1 c4 40. Ng5 Kb7 41. Nf3 Rh3 42. Nd2 Rh4 43. f3 Kc6 44. Nf1 Rh3 45. Rxh2 1/2-1/2

[Event "Lvov University Cup"]
[Site "Lvov"]
[Date "2012.08.15"]
[Round "2"]
[White "Meleshko, Vladimir"]
[Black "Kvetny, Mark"]
[Result "1-0"]
[WhiteElo "2296"]
[BlackElo "2231"]
[PlyCount "101"]
[EventDate "2012.08.15"]
[EventType "tourn"]
[EventRounds "11"]
[EventCountry "UKR"]
[EventCategory "2"]
[SourceTitle "EXT 2014"]
[Source "ChessBase"]
[SourceDate "2013.11.20"]
[SourceVersion "1"]
[SourceVersionDate "2013.11.20"]
[SourceQuality "1"]

1. e4 c5 2. Nf3 d6 3. Bb5+ Nd7 4. d4 Ngf6 5. Nc3 cxd4 6. Qxd4 a6 7. Ba4 e5 8. Qd3 h6 9. Be3 Be7 10. 0-0 b5 11. Bb3 Bb7 12. a4 b4 13. Qc4 0-0 14. Qxb4 Rb8 15. Qc4 Nxe4 16. Nxe4 d5 17. Qe2 dxe4 18. Nd2 Kh8 19. Rfd1 f5 20. Nc4 Qc7 21. Qh5 Kh7 22. Rxd7 Qxd7 23. Qg6+ Kh8 24. Bxh6 Bf6 25. Be3 Bd5 26. Nb6 Rxb6 27. Bxd5 Qxd5 28. Bxb6 Qc6 29. a5 Qxc2 30. Qxf5 Qxb2 31. Re1 Qb4 32. Qxe4 Qxe4 33. Rxe4 Rc8 34. Kf1 Kh7 35. Ke2 Kg6 36. g4 Kf7 37. Kd3 Ke6 38. f4 g5 39. fxe5 Bd8 40. Rc4 Rxc4 41. Kxc4 Be7 42. Bc7 Ba3 43. Bd6 Bc1 44. Kc5 Bd2 45. Kb6 Kd5 46. Kxa6 Kc6 47. Be7 Kd5 48. Bf6 Kc6 49. e6 Be3 50. e7 Kd7 51. Kb7 1-0

[Event "Lvov University Cup"]
[Site "Lvov"]
[Date "2012.08.15"]
[Round "1"]
[White "Nester, Ihor"]
[Black "Meleshko, Vladimir"]
[Result "1/2-1/2"]
[WhiteElo "2315"]
[BlackElo "2296"]
[PlyCount "116"]
[EventDate "2012.08.15"]
[EventType "tourn"]
[EventRounds "11"]
[EventCountry "UKR"]
[EventCategory "2"]
[SourceTitle "EXT 2014"]
[Source "ChessBase"]
[SourceDate "2013.11.20"]
[SourceVersion "1"]
[SourceVersionDate "2013.11.20"]
[SourceQuality "1"]

1. Nf3 Nf6 2. c4 e6 3. g3 d5 4. d4 Be7 5. Bg2 0-0 6. Qc2 Nbd7 7. 0-0 b6 8. cxd5 exd5 9. Ne5 Nxe5 10. dxe5 Ng4 11. Rd1 Be6 12. h3 Nxe5 13. Bf4 Ng6 14. Qc6 Nxf4 15. gxf4 Bd6 16. Nc3 Qh4 17. Nxd5 Bxh3 18. Bxh3 Qxh3 19. Rd3 Qg4+ 20. Rg3 Qxe2 21. Qc3 f6 22. Re1 Qb5 23. Nxf6+ Rxf6 24. Qxf6 Qd7 25. Qg5 Rf8 26. Qd5+ Kh8 27. Re4 a5 28. Qd4 Qf7 29. a4 h6 30. Kg2 Kh7 31. Rg4 Bc5 32. Qd3 Qf5 33. Rg3 g6 34. Qc4 Rd8 35. Qe6 Rd2 36. Qxf5 gxf5 37. Re6 Rxf2+ 38. Kh3 Rxf4 39. Rgg6 Rf3+ 40. Kg2 Rf2+ 41. Kh3 Be3 42. Rgf6 Bf4 43. Rxf5 Rh2+ 44. Kg4 Bd6 45. Rf7+ Kg8 46. Rd7 Kf8 47. b3 h5+ 48. Kg5 h4 49. Kg4 h3 50. Rdxd6 cxd6 51. Rxd6 Rb2 52. Rxb6 h2 53. Rh6 Kg7 54. Rh3 Kf6 55. Kg3 Ke5 56. Rxh2 Rxb3+ 57. Kg2 Kd4 58. Rh5 Kc4 1/2-1/2

[Event "Zhovkva Royal Residence Cup 3rd"]
[Site "Zhovkva"]
[Date "2012.04.29"]
[Round "8"]
[White "Jurcik, Martin"]
[Black "Meleshko, Vladimir"]
[Result "1/2-1/2"]
[WhiteElo "2348"]
[BlackElo "2308"]
[PlyCount "37"]
[EventDate "2012.04.24"]
[EventType "tourn"]
[EventRounds "9"]
[EventCountry "UKR"]
[SourceTitle "CBM 148 Extra"]
[Source "ChessBase"]
[SourceDate "2012.06.22"]
[SourceVersion "1"]
[SourceVersionDate "2012.06.22"]
[SourceQuality "1"]

1. d4 Nf6 2. Bg5 e6 3. e4 Be7 4. Nd2 b6 5. Ngf3 0-0 6. Bd3 Ba6 7. Bxa6 Nxa6 8. 0-0 d5 9. e5 Nd7 10. Bxe7 Qxe7 11. Qe2 Nab8 12. c4 c5 13. cxd5 exd5 14. dxc5 bxc5 15. Qb5 Qe6 16. Rfe1 h6 17. b4 a6 18. Qa4 cxb4 19. Nb3 1/2-1/2